Concepción y diseño de bases de datos del modelo E/ (Registro nro. 4920)
[ vista simple ]
| 000 -LEADER | |
|---|---|
| fixed length control field | 01087nam a2200253Ia 4500 |
| 003 - CONTROL NUMBER IDENTIFIER | |
| control field | OSt |
| 005 - DATE AND TIME OF LATEST TRANSACTION | |
| control field | 20200325170642.0 |
| 008 - FIXED-LENGTH DATA ELEMENTS--GENERAL INFORMATION | |
| fixed length control field | 191128s1993 ck a gr 000 0 spa d |
| 020 ## - INTERNATIONAL STANDARD BOOK NUMBER | |
| International Standard Book Number | 201644975 |
| 040 ## - CATALOGING SOURCE | |
| Original cataloging agency | CO-JMCR |
| Transcribing agency | CO-JMCR |
| 082 04 - DEWEY DECIMAL CLASSIFICATION NUMBER | |
| Classification number | 005.74 / |
| Item number | C346c |
| 100 ## - MAIN ENTRY--PERSONAL NAME | |
| Personal name | Castaño, Miguel, autor |
| 9 (RLIN) | 1874 |
| 245 #0 - TITLE STATEMENT | |
| Title | Concepción y diseño de bases de datos del modelo E/ |
| 245 #0 - TITLE STATEMENT | |
| Statement of responsibility, etc. | al modelo relacional : del modelo E/R al modelo relacional / Miguel Castaño |
| 260 ## - PUBLICATION, DISTRIBUTION, ETC. | |
| Place of publication, distribution, etc. | Bogotá : |
| Name of publisher, distributor, etc. | Addison Wesley Iberoamericana, |
| Date of publication, distribution, etc. | 1993 |
| 300 ## - PHYSICAL DESCRIPTION | |
| Extent | 989 páginas : |
| Other physical details | ilustraciones en blanco y negro ; |
| Dimensions | 24 cm. |
| 505 ## - FORMATTED CONTENTS NOTE | |
| Formatted contents note | Sistemas de información -- Concepto y objetivos de los sistemas de bases de datos -- El sistema de gestión de la base de datos -- Niveles de abstracción en las bases de datos y arquitectura ansi/X3 /sparc -- probleams de orgacización de entorno |
| 546 ## - LANGUAGE NOTE | |
| Language note | spa |
| 650 14 - SUBJECT ADDED ENTRY--TOPICAL TERM | |
| Topical term or geographic name entry element | Bases de datos |
| 9 (RLIN) | 1875 |
| 650 24 - SUBJECT ADDED ENTRY--TOPICAL TERM | |
| Topical term or geographic name entry element | Modelo entidad |
| General subdivision | relación |
| 9 (RLIN) | 1876 |
| 700 1# - ADDED ENTRY--PERSONAL NAME | |
| Personal name | Velthuis, Piattini, |
| Relator term | autor |
| 9 (RLIN) | 1877 |
| 700 1# - ADDED ENTRY--PERSONAL NAME | |
| Personal name | Gerardo, Mario, |
| Relator term | autor |
| 9 (RLIN) | 1878 |
| 942 ## - ADDED ENTRY ELEMENTS (KOHA) | |
| Source of classification or shelving scheme | Dewey Decimal Classification |
| Koha item type | Books |
| Withdrawn status | Lost status | Source of classification or shelving scheme | Materials specified (bound volume or other part) | Damaged status | Not for loan | Home library | Current library | Date acquired | Source of acquisition | Cost, normal purchase price | Total Checkouts | Total Renewals | Full call number | Barcode | Date last seen | Date last checked out | Copy number | Price effective from | Koha item type |
|---|---|---|---|---|---|---|---|---|---|---|---|---|---|---|---|---|---|---|---|
| Dewey Decimal Classification | Donación--15/04/2018-- | Biblioteca Pública José María del Castillo y Rada | Biblioteca Pública José María del Castillo y Rada | 11/28/2019 | Donación | 0.00 | 10 | 14 | 005.74 / C346c | 430000986 | 05/16/2024 | 03/28/2023 | Ej.1 | 11/28/2019 | Books |